000 00665nam a2200205Ia 4500
999 _c48594
_d48594
003 GCL
005 20240530104543.0
008 140319s9999 xx 000 0 ara d
040 _aGCL /
_cGCL
082 0 4 _a915.3
_bل د
100 1 _aلوريمر، ج. ج
245 1 0 _aدليل الخليج : القسم الجغرافى /
_cلوريمر، ج. ج
300 _aاجزاء ؛
_c24 سم.
490 _aالهيئة العامة للاستعلامات
_v0
650 0 4 _aالخليج العربى
650 0 4 _aالجغرافيا
650 0 4 _aالخليج العربى - تاريخ
650 0 4 _aالخليج العربى - جغرافيا
942 _2ddc
_cBK